[Event "Titled Tue 27th May Late"]
[Site "chess.com INT"]
[Date "2025.05.27"]
[Round "10"]
[White "Eljanov, Pavel"]
[Black "Aronian, Levon"]
[Result "0-1"]
[WhiteTitle "GM"]
[BlackTitle "GM"]
[WhiteElo "2668"]
[BlackElo "2747"]
[WhiteFideId "14102951"]
[BlackFideId "13300474"]
[EventDate "2025.05.27"]

1. d4 Nf6 2. Nf3 e6 3. Bf4 d5 4. e3 c5 5. Nbd2 Nc6 6. c3 Qb6 7. Rb1 Nh5 8. Be5
Nxe5 9. Nxe5 Nf6 10. Qa4+ Bd7 11. Nxd7 Nxd7 12. Bb5 O-O-O 13. O-O Nf6 14. Be2
Kb8 15. Rfc1 h5 16. Nf3 cxd4 17. cxd4 Bd6 18. Rc3 Rc8 19. Bd3 Ka8 20. h3 Rc7 21.
Ne5 Rxc3 22. bxc3 Qc7 23. c4 Bxe5 24. dxe5 Qxe5 25. cxd5 exd5 26. Qb4 Qc7 27. a4
Rc8 28. Bf5 Rd8 29. a5 a6 30. Bd3 Rd6 31. Qf4 Rc6 32. Qg5 g6 33. Bf1 Qxa5 34.
Qe5 Qc7 35. Qd4 Qd6 36. Rd1 Qc5 37. Qf4 Qc2 38. Ra1 Qb2 39. Rd1 Ka7 40. Rd4 Rb6
41. Kh2 Qc1 42. Bd3 Qc5 43. Qe5 Qd6 44. f4 Qe6 45. Be2 Ne4 46. Bf3 Qxe5 47. fxe5
Nc3 48. Rf4 Re6 49. Rxf7 Rxe5 50. Rg7 g5 51. Bxh5 a5 52. Rc7 Rxe3 0-1

[Event "Titled Tue 27th May Late"]
[Site "chess.com INT"]
[Date "2025.05.27"]
[Round "10"]
[White "Sukandar, Irine Kharisma"]
[Black "Rosen, Eric"]
[Result "0-1"]
[WhiteTitle "IM"]
[BlackTitle "IM"]
[WhiteElo "2330"]
[BlackElo "2377"]
[WhiteFideId "7101937"]
[BlackFideId "2032562"]
[EventDate "2025.05.27"]

1. Nf3 d5 2. b3 Nf6 3. Bb2 Bg4 4. e3 Nbd7 5. Be2 e6 6. d4 Bd6 7. Nbd2 c6 8. h3
Bxf3 9. Nxf3 Qb8 10. O-O h5 11. Ng5 h4 12. f4 a5 13. c4 a4 14. Qc2 a3 15. Bc3 b5
16. c5 Bc7 17. b4 Nh5 18. Bd3 Ng3 19. Rf3 Ke7 20. Be1 f6 21. Bxg3 hxg3 22. Rxg3
fxg5 23. Rxg5 Qf8 24. Rf1 Kd8 25. Qe2 Kc8 26. Qg4 Nf6 27. Qxe6+ Kb7 28. Qf5 Re8
29. Rf3 Qe7 30. Bf1 Rhf8 31. Qd3 Ne4 32. Rg6 Rf6 33. Rxf6 Nxf6 34. Qxa3 Ra8 35.
Qb2 Qe4 36. Qb3 Qg6 37. Bd3 Ne4 38. Bc2 Re8 39. a4 bxa4 40. Qxa4 Ra8 41. Qb3
Ra1+ 42. Kh2 Qh7 43. b5 Qf5 44. bxc6+ Kc8 45. Bxe4 Qxe4 46. Rg3 Qb1 47. Rxg7
Qxb3 48. Rg8+ Bd8 49. Rf8 Qxe3 50. h4 Qf2 51. h5 Qg1+ 52. Kh3 Qh1+ 53. Kg4 Qxg2+
54. Kf5 Qh3+ 55. Kg6 Rg1+ 56. Kf7 Qxh5+ 57. Ke6 Qh3+ 58. Kd6 Qh6+ 59. Ke5 Qxf8
60. c7 Qe8+ 61. Kxd5 Kxc7 62. c6 Qxc6+ 0-1

[Event "Titled Tue 27th May Late"]
[Site "chess.com INT"]
[Date "2025.05.27"]
[Round "10"]
[White "Khlebovich, Alexander"]
[Black "Donchenko, Alexander"]
[Result "1-0"]
[WhiteTitle "IM"]
[BlackTitle "GM"]
[WhiteElo "2423"]
[BlackElo "2615"]
[WhiteFideId "4169123"]
[BlackFideId "24603295"]
[EventDate "2025.05.27"]

1. d4 Nf6 2. c4 e6 3. Nf3 d5 4. g3 Bb4+ 5. Nbd2 dxc4 6. Bg2 b5 7. O-O Bb7 8. a4
a6 9. axb5 axb5 10. Rxa8 Bxa8 11. Nxc4 O-O 12. Qb3 Qe7 13. Bd2 Nc6 14. Nce5 Bxd2
15. Nxc6 Bxc6 16. Nxd2 Bxg2 17. Kxg2 c5 18. dxc5 Qxc5 19. Nf3 h6 20. Rd1 Rc8 21.
Qd3 b4 22. Qd4 Qb5 23. Rd2 Nd5 24. h4 Qb7 25. Qd3 b3 26. Kh2 Rc1 27. Rd1 Rc2 28.
Rd2 Rc1 29. Rd1 Rc2 30. Rd2 Qb6 31. Kg2 Rc1 32. Rd1 Rc2 33. Rd2 Qc6 34. e4 Nf6
35. Qxb3 Rxd2 36. Nxd2 Nxe4 37. Qf3 f5 38. Nxe4 fxe4 39. Qe3 Qc4 40. Qc3 Qd5 41.
Kh2 Qf5 42. Qd4 Qd5 43. Qb6 Qd2 44. b4 Kf7 45. b5 Qe2 46. Kg1 Qe1+ 47. Kg2 Qe2
48. Qc7+ Kg6 49. Qc6 Kf7 50. b6 Qf3+ 51. Kg1 Qd1+ 52. Kh2 Qb3 53. b7 Qb2 54.
Qxe4 Qxf2+ 55. Qg2 Qb6 56. Qf3+ Kg6 57. Qe4+ Kf7 58. Qf4+ Kg6 59. b8=Q 1-0

[Event "Titled Tue 27th May Late"]
[Site "chess.com INT"]
[Date "2025.05.27"]
[Round "10"]
[White "Kuznetsov, Felix"]
[Black "Miranda Camus, Joaquin Ignacio"]
[Result "0-1"]
[WhiteTitle "FM"]
[BlackTitle "FM"]
[WhiteElo "2170"]
[BlackElo "2196"]
[WhiteFideId "34147990"]
[BlackFideId "3449300"]
[EventDate "2025.05.27"]

1. e4 c6 2. d4 d5 3. exd5 cxd5 4. Bd3 Nc6 5. c3 Nf6 6. Bf4 Bg4 7. Qb3 Qd7 8. Nd2
e6 9. Ngf3 Bd6 10. Bxd6 Qxd6 11. O-O O-O 12. Rae1 Rab8 13. Ne5 Bh5 14. f4 b5 15.
a3 a5 16. Bxb5 Na7 17. a4 Qb6 18. Ra1 Nxb5 19. axb5 Qxb5 20. Qxb5 Rxb5 21. Ra2
Rfb8 22. Nc6 Rxb2 23. Rxa5 Re8 24. Nf3 Bxf3 25. Rxf3 Ne4 26. h3 h5 27. f5 Rb1+
28. Kh2 h4 29. Rf4 Ng3 30. Rxh4 Nxf5 31. Rf4 Rc1 32. Rc5 Ra8 33. Rxf5 exf5 34.
Ne7+ Kh7 35. Nxf5 Ra3 36. Rxd5 Rcxc3 37. Ne7 g6 38. Rd7 Rd3 39. d5 Ra2 40. Nc6
Rdd2 41. Kg3 Rxg2+ 42. Kf4 Kg7 43. Ne5 Rgf2+ 44. Ke4 Ra4+ 45. Kd3 Ra3+ 46. Kc4
Rf4+ 47. Kc5 Re3 48. Kd6 Rf5 49. Nc6 Rf6+ 50. Kc5 Rc3+ 51. Kb6 Rxh3 52. d6 Rd3
53. Kc7 g5 54. Re7 Rdxd6 55. Ne5 Rde6 0-1

[Event "Titled Tue 27th May Late"]
[Site "chess.com INT"]
[Date "2025.05.27"]
[Round "10"]
[White "Kalyani Sirin"]
[Black "Haussernot, Cecile"]
[Result "1-0"]
[WhiteTitle "WFM"]
[BlackTitle "WIM"]
[WhiteElo "2136"]
[BlackElo "2108"]
[WhiteFideId "33323500"]
[BlackFideId "601632"]
[EventDate "2025.05.27"]

1. e4 e5 2. Nf3 Nf6 3. Nxe5 d6 4. Nf3 Nxe4 5. d4 d5 6. Bd3 Bd6 7. O-O O-O 8. c4
c6 9. Nc3 Nxc3 10. bxc3 dxc4 11. Bxc4 Bf5 12. h3 Nd7 13. Re1 Qa5 14. Bd3 Rae8
15. Be3 Nf6 16. Qc2 Bxd3 17. Qxd3 Ne4 18. c4 Bb4 19. Rec1 f5 20. Ne5 c5 21. f3
cxd4 22. Bxd4 Nc5 23. Qc2 Ne6 24. Bb2 Rd8 25. Nd3 Bc5+ 26. Nxc5 Qxc5+ 27. Kh1
Nd4 28. Qc3 Qc7 29. Qe3 Rfe8 30. Qg5 Ne2 31. Re1 h6 32. Qg6 Ng3+ 33. Kg1 Rf8 34.
Qe6+ Kh7 35. Be5 Qc5+ 36. Kh2 Nh5 37. Re2 Rd3 38. Rae1 f4 39. Qd7 Rxd7 40. Bb2
Qxc4 41. Re5 Qd3 42. Rxh5 Qd2 43. Rhe5 Qf2 44. R5e2 Rd2 45. Rxf2 Rxf2 46. Bd4
Rxa2 47. Re7 Ra6 48. Rxg7+ Kh8 49. Rxb7+ Kg8 50. Rg7+ Kh8 51. Rg6+ Kh7 52. Rxa6
Rd8 53. Rxa7+ Kg6 54. Bf2 Kf5 55. Rf7+ Ke6 56. Rxf4 1-0

[Event "Titled Tue 27th May Late"]
[Site "chess.com INT"]
[Date "2025.05.27"]
[Round "10"]
[White "Wang, Daniel"]
[Black "Hernandez Bonilla, Amelia"]
[Result "1/2-1/2"]
[WhiteTitle "CM"]
[BlackTitle "WFM"]
[WhiteElo "2030"]
[BlackElo "1976"]
[WhiteFideId "3238873"]
[BlackFideId "3900193"]
[EventDate "2025.05.27"]

1. e4 c5 2. Nf3 d6 3. d4 cxd4 4. Nxd4 Nf6 5. Nc3 Nc6 6. Be3 e5 7. Nxc6 bxc6 8.
f3 Be7 9. Qd2 Be6 10. Be2 O-O 11. O-O d5 12. exd5 cxd5 13. Bg5 Rc8 14. Rad1 Qb6+
15. Kh1 Qxb2 16. Bxf6 Bxf6 17. Nxd5 Bxd5 18. Qxd5 Rxc2 19. Rb1 Qxa2 20. Qd6 Rd2
21. Bc4 Qc2 22. Qc7 Bd8 23. Qc8 Rxg2 24. Bxf7+ Kxf7 25. Qh3 Rf2 26. Rb7+ Kg8 27.
Rg1 Bf6 28. Qg3 g6 29. Qh3 g5 30. Qh6 Qg6 31. Qh3 Rf7 32. Rb8+ Kg7 33. Qg3 Ra2
34. Rb4 a5 35. Rg4 h6 36. h4 Qf5 37. hxg5 Bxg5 38. Re4 Ra3 39. Rxe5 Qxf3+ 40.
Qxf3 Raxf3 41. Rxa5 Kg6 42. Kg2 Rb3 43. Kh2 Rf2+ 44. Rg2 Rxg2+ 45. Kxg2 Rb2+ 46.
Kg3 Rb3+ 47. Kg2 Kh5 48. Ra4 Rc3 49. Kh2 Rf3 50. Kg2 Rf4 51. Rxf4 Bxf4 52. Kh1
Kg4 53. Kg2 Be3 54. Kh1 Bf4 55. Kg2 Kh4 56. Kh1 Kh3 57. Kg1 Be5 58. Kh1 Bd4 1/2-1/2

[Event "Titled Tue 27th May Late"]
[Site "chess.com INT"]
[Date "2025.05.27"]
[Round "10"]
[White "Ahmad, Khagan"]
[Black "Materia, Marco"]
[Result "0-1"]
[WhiteTitle "IM"]
[BlackTitle "IM"]
[WhiteElo "2405"]
[BlackElo "2489"]
[WhiteFideId "13431552"]
[BlackFideId "45150451"]
[EventDate "2025.05.27"]

1. d4 Nf6 2. c4 e6 3. Nf3 d5 4. Nc3 c6 5. Bg5 h6 6. Bxf6 Qxf6 7. e3 g6 8. Bd3
Bg7 9. e4 dxc4 10. Bxc4 O-O 11. e5 Qe7 12. O-O Nd7 13. Re1 b5 14. Bb3 Bb7 15. a4
b4 16. Ne4 c5 17. d5 exd5 18. Nd6 Nb6 19. a5 Nc4 20. Nxc4 dxc4 21. Bxc4 Rad8 22.
Qb3 Kh7 23. h4 Bxf3 24. Qxf3 Bxe5 25. h5 Qf6 26. Qxf6 Bxf6 27. Re2 gxh5 28. Rc1
Rd7 29. b3 Bd4 30. Bd3+ Kg7 31. Bf5 Rd5 32. Be4 Re5 33. Bd3 Rfe8 34. Rxe5 Rxe5
35. a6 h4 36. Kf1 Rd5 37. Bc4 Rf5 38. Rc2 Kf6 39. Re2 Kg5 40. Bd3 Rf4 41. Bc4
Kg4 42. f3+ Kg3 43. Re8 h3 44. Rg8+ Kh2 45. gxh3 Rxf3+ 46. Ke2 Rf2+ 47. Kd3 f5
48. Ra8 Rf3+ 49. Ke2 Re3+ 50. Kd2 Re7 51. Rf8 f4 52. Bd5 Kxh3 53. Kd3 Kg4 54.
Kc4 h5 55. Rg8+ Rg7 56. Ra8 h4 57. Bb7 f3 58. Rf8 f2 59. Bf3+ Kg3 60. Bb7 h3 61.
Rf3+ Kh4 62. Rf8 h2 63. Rh8+ Kg3 64. Rf8 Rg4 65. Rf3+ Kh4 66. Rf8 Bg7+ 0-1

[Event "Titled Tue 27th May Late"]
[Site "chess.com INT"]
[Date "2025.05.27"]
[Round "10"]
[White "Dilmukhametov, Artur"]
[Black "Cardenas Carbajal, Nilson"]
[Result "0-1"]
[WhiteTitle "FM"]
[BlackTitle "CM"]
[WhiteElo "2276"]
[BlackElo "2036"]
[WhiteFideId "24179922"]
[BlackFideId "8401128"]
[EventDate "2025.05.27"]

1. Nf3 Nf6 2. g3 g6 3. d4 Bg7 4. c4 O-O 5. Bg2 d5 6. O-O dxc4 7. Nbd2 Nc6 8.
Nxc4 Bg4 9. e3 Re8 10. h3 Be6 11. Nce5 Bd5 12. Nxc6 Bxc6 13. Ne5 Bxg2 14. Kxg2
Qd5+ 15. Qf3 Ne4 16. Nd3 f5 17. Nf4 Qd6 18. a3 e5 19. dxe5 Qxe5 20. Rb1 Red8 21.
b4 Rd7 22. Bb2 Qe7 23. Rfd1 Bxb2 24. Rxb2 Rxd1 25. Qxd1 Rd8 26. Qc1 Qd6 27. Qc4+
Kh8 28. Rc2 c5 29. bxc5 Qc6 30. Ne6 Ng5+ 31. e4 Qxe6 32. Qc3+ Kg8 33. exf5 gxf5
34. h4 Ne4 35. Qa5 Qd5 36. Kh2 a6 37. Qb6 Rf8 38. c6 Nf6 39. c7 Ng4+ 40. Kg1
Qd1+ 41. Kg2 Qd5+ 42. f3 Ne3+ 43. Qxe3 f4 44. Qc3 Rc8 45. Qc4 Qxc4 46. Rxc4 fxg3
47. Kxg3 Kf7 48. Kg4 Ke7 49. Kh5 Kd7 50. Kh6 b5 51. Rc3 a5 52. Kxh7 b4 53. axb4
axb4 54. Rb3 Rxc7 55. Rxb4 Ke6+ 56. Kg6 Ke5 57. Kg5 Rg7+ 58. Kh5 Kf5 59. Rb5+
Kf4 0-1

[Event "Titled Tue 27th May Late"]
[Site "chess.com INT"]
[Date "2025.05.27"]
[Round "10"]
[White "Hartge, Gedeon"]
[Black "Arabidze, Meri"]
[Result "0-1"]
[WhiteTitle "FM"]
[BlackTitle "IM"]
[WhiteElo "2328"]
[BlackElo "2440"]
[WhiteFideId "12932116"]
[BlackFideId "13604040"]
[EventDate "2025.05.27"]

1. e4 e5 2. Bc4 Nc6 3. d3 Na5 4. Nc3 Nf6 5. Nge2 Nxc4 6. dxc4 Bc5 7. O-O h6 8.
h3 a6 9. Ng3 d6 10. Qf3 Qe7 11. Be3 Bxe3 12. Qxe3 Be6 13. b3 g6 14. Rae1 h5 15.
f4 h4 16. fxe5 dxe5 17. Nge2 c6 18. Rd1 Nd7 19. Na4 b5 20. Nb6 Rd8 21. Nxd7 Rxd7
22. cxb5 axb5 23. Nc1 O-O 24. Qc3 Rxd1 25. Rxd1 Qg5 26. Qd2 Qh5 27. Qe2 Qxe2 28.
Nxe2 Ra8 29. Nc1 c5 30. Kf2 c4 31. Ke3 Kg7 32. Rd6 Kf6 33. Rb6 Ra5 34. Kd2 Kg5
35. Kc3 Kf4 36. Kb4 Ra8 37. Kxb5 cxb3 38. cxb3 Kxe4 39. a4 Ke3 40. a5 Kd2 41.
Na2 Bxb3 42. Nb4 e4 43. Rd6+ Ke2 44. a6 e3 45. Kb6 Kf2 46. a7 Bc4 47. Kb7 Rxa7+
48. Kxa7 e2 49. Nc2 e1=Q 50. Nxe1 Kxe1 51. Rf6 Bd5 52. Kb6 Bxg2 53. Rxf7 Bxh3
54. Rg7 Bf5 55. Rh7 h3 56. Kc5 Kf2 57. Kd4 Kg3 58. Ke5 h2 59. Rh8 Kg2 0-1

[Event "Titled Tue 27th May Late"]
[Site "chess.com INT"]
[Date "2025.05.27"]
[Round "10"]
[White "Ferrara, Enzo"]
[Black "Ermolaev, Evgeny"]
[Result "0-1"]
[BlackTitle "FM"]
[WhiteElo "2138"]
[BlackElo "2282"]
[WhiteFideId "137731"]
[BlackFideId "24103195"]
[EventDate "2025.05.27"]

1. d4 Nf6 2. c4 g6 3. Nc3 d5 4. cxd5 Nxd5 5. e4 Nxc3 6. bxc3 Bg7 7. Bc4 c5 8.
Ne2 O-O 9. O-O Nc6 10. Be3 b6 11. a4 Bb7 12. e5 Rc8 13. Ba2 cxd4 14. cxd4 Nb4
15. Bb3 Nd5 16. Bd2 Qd7 17. a5 Qg4 18. Nf4 Qxd1 19. Rfxd1 Rfd8 20. axb6 axb6 21.
Ra7 Nxf4 22. Bxf4 Bd5 23. Bxd5 Rxd5 24. Rxe7 Rcd8 25. Re1 Rxd4 26. g3 R4d7 27.
Bg5 Rxe7 28. Bxe7 Re8 29. Bd6 h5 30. f4 Bf8 31. Rd1 Rd8 32. Kf2 b5 33. Ke2 Rd7
34. Bxf8 Rxd1 35. Kxd1 Kxf8 36. Kc2 Ke7 37. Kb3 Ke6 38. Kb4 Kf5 39. Kxb5 g5 40.
fxg5 Kxe5 41. Kc5 Kf5 42. Kd5 Kxg5 43. Ke4 Kg4 44. Ke5 Kh3 45. Kf4 Kxh2 46. g4
h4 47. g5 Kg2 48. Kf5 h3 49. Kf6 h2 50. Kxf7 h1=Q 51. g6 Qh5 52. Kf6 Qf3+ 53.
Ke6 Qg4+ 54. Kf7 Qf5+ 55. Kg7 Kg3 56. Kh6 Qh3+ 57. Kg7 Kf4 58. Kf7 Qf5+ 59. Kg7
Kg5 0-1

[Event "Titled Tue 27th May Late"]
[Site "chess.com INT"]
[Date "2025.05.27"]
[Round "10"]
[White "Kilic, Eray"]
[Black "Rustamov, Rustam"]
[Result "1-0"]
[WhiteTitle "IM"]
[BlackTitle "FM"]
[WhiteElo "2469"]
[BlackElo "2323"]
[WhiteFideId "44517173"]
[BlackFideId "13440110"]
[EventDate "2025.05.27"]

1. e4 c5 2. c3 d5 3. exd5 Qxd5 4. d4 Nf6 5. Nf3 Nc6 6. dxc5 Qxd1+ 7. Kxd1 a5 8.
Bb5 Bd7 9. Be3 e6 10. Nbd2 Nd5 11. Ne4 O-O-O 12. Ke2 f6 13. Rhd1 Kc7 14. a4 Nxe3
15. Kxe3 e5 16. Rd2 Be7 17. Rad1 g5 18. Nd6 g4 19. Ne1 f5 20. Nf7 Rhf8 21. Nxd8
Bg5+ 22. Ke2 Bxd2 23. Rxd2 Rxd8 24. Bxc6 bxc6 25. Nd3 Re8 26. b4 f4 27. f3 h5
28. Nf2 Ra8 29. Ra2 Be6 30. Ra3 Bc4+ 31. Ke1 gxf3 32. gxf3 Rb8 33. Ne4 axb4 34.
cxb4 Rxb4 35. a5 Ba6 36. h4 Rb1+ 37. Kd2 Rb2+ 38. Kc1 Rh2 39. Rb3 Bb5 40. Nd6
Bf1 41. Rb7+ Kd8 42. Ra7 Rxh4 43. a6 Rh2 44. Ra8+ Kd7 45. a7 Ra2 46. Rh8 Rxa7
47. Rh7+ Ke6 48. Rxa7 Kd5 49. Rh7 Kxc5 50. Ne4+ Kd4 51. Rxh5 Be2 52. Nd2 e4 53.
Rh3 e3 54. Nb3+ Kc3 55. Nc5 Bf1 56. Rh6 Kd4 57. Ne6+ Ke5 58. Nd8 Bc4 59. Nxc6+
Kd5 60. Nb4+ Kc5 61. Nc2 Bd5 62. Ne1 Kd4 63. Rf6 Ke5 64. Rf8 Bc4 65. Kc2 e2 66.
Kd2 1-0

[Event "Titled Tue 27th May Late"]
[Site "chess.com INT"]
[Date "2025.05.27"]
[Round "10"]
[White "Karas, Marek"]
[Black "Vykouk, Jan"]
[Result "1-0"]
[WhiteTitle "FM"]
[BlackTitle "IM"]
[WhiteElo "2200"]
[BlackElo "2496"]
[WhiteFideId "14928558"]
[BlackFideId "349658"]
[EventDate "2025.05.27"]

1. d4 g6 2. e4 Bg7 3. Nf3 d6 4. Bc4 e6 5. Qe2 Ne7 6. Bb3 b6 7. c3 Bb7 8. Bf4 Nd7
9. Nbd2 h6 10. h3 a6 11. a4 O-O 12. O-O Kh7 13. Bg3 Nf6 14. Rfe1 Nh5 15. Bh2 Nf6
16. e5 Nfd5 17. exd6 cxd6 18. Ne4 Nc8 19. c4 Nf6 20. Nxf6+ Qxf6 21. Rad1 Bxf3
22. Qxf3 Qxf3 23. gxf3 Rd8 24. Bc2 a5 25. b3 Ne7 26. d5 e5 27. f4 f6 28. fxe5
fxe5 29. f4 e4 30. Rxe4 Nf5 31. Re6 Ra7 32. Bxf5 gxf5 33. Rde1 Bd4+ 34. Kf1 Rg7
35. Re7 Rd7 36. Rxd7 Rxd7 37. Re6 Bc5 38. Bg1 Kg7 39. Bf2 Rd8 40. Bh4 Rg8 41.
Be7 Kf7 42. Bxd6 Rg1+ 43. Ke2 Rg2+ 44. Kf3 Rf2+ 45. Kg3 Rb2 46. Bxc5 bxc5 47.
Rb6 h5 48. Kh4 Rg2 49. Kxh5 Rg3 50. h4 Kg7 51. d6 Rd3 52. Rb7+ Kf6 53. d7 Ke7
54. Kg5 Rh3 55. Kxf5 Rxh4 56. Ke5 Rh5+ 57. f5 Rh3 58. Kd5 Rf3 59. Kxc5 Rxf5+ 60.
Kb6 Kd8 61. c5 Rf3 62. Kxa5 Rc3 63. b4 Rc4 64. Kb5 Rc3 65. c6 Re3 66. Rb8+ 1-0

[Event "Titled Tue 27th May Late"]
[Site "chess.com INT"]
[Date "2025.05.27"]
[Round "10"]
[White "Nguyen, Ngoc Truong Son"]
[Black "Pyrih, Roman"]
[Result "1-0"]
[WhiteTitle "GM"]
[BlackTitle "FM"]
[WhiteElo "2632"]
[BlackElo "2429"]
[WhiteFideId "12401110"]
[BlackFideId "14179156"]
[EventDate "2025.05.27"]

1. e4 c5 2. Nf3 d6 3. c3 Nf6 4. Bd3 e6 5. Bc2 Be7 6. d4 Nbd7 7. Qe2 e5 8. Nbd2
O-O 9. O-O Qc7 10. dxe5 Nxe5 11. Nxe5 dxe5 12. a4 Be6 13. Nc4 Rfd8 14. Bg5 b6
15. Ne3 c4 16. Rad1 Rxd1 17. Rxd1 Rc8 18. h4 h6 19. Bxf6 Bxf6 20. g3 Be7 21. Nd5
Qb7 22. Rd2 Bf8 23. Bd1 a6 24. Qh5 Qb8 25. Be2 b5 26. axb5 axb5 27. Bf1 Rd8 28.
Kh2 Bc5 29. Bh3 Bxd5 30. exd5 Qd6 31. Qf3 Re8 32. Qe4 g6 33. h5 f5 34. Qe2 e4
35. hxg6 Qxg6 36. d6 Bxd6 37. Bxf5 Qxf5 38. Rxd6 h5 39. Qe3 h4 40. gxh4 Re7 41.
Rd4 Kh7 42. Rd6 Kg8 43. Qg5+ Qxg5 44. hxg5 Re5 45. Kg3 Rxg5+ 46. Kf4 Rg2 47. Rd2
Kf7 48. Kxe4 Ke6 49. Re2 Rg1 50. f4 Rd1 51. Rh2 Kd6 52. f5 Re1+ 53. Kf4 Rf1+ 54.
Kg5 Rg1+ 55. Kf6 Kd5 56. Re2 Rf1 57. Kg6 Rg1+ 58. Kf7 Kc5 59. f6 b4 60. cxb4+
Kxb4 61. Ke7 Rg2 62. Rxg2 1-0

[Event "Titled Tue 27th May Late"]
[Site "chess.com INT"]
[Date "2025.05.27"]
[Round "10"]
[White "Yanev, Tihomir"]
[Black "Iskusnyh, Sergei"]
[Result "1-0"]
[WhiteTitle "IM"]
[BlackTitle "GM"]
[WhiteElo "2354"]
[BlackElo "2440"]
[WhiteFideId "2910110"]
[BlackFideId "4120027"]
[EventDate "2025.05.27"]

1. e4 e6 2. d4 d5 3. Nd2 c5 4. Ngf3 cxd4 5. exd5 Qxd5 6. Bc4 Qd6 7. Nb3 Qb4+ 8.
Nbd2 Qd6 9. O-O Nf6 10. Nb3 Nc6 11. Qe2 Be7 12. Rd1 e5 13. c3 Bg4 14. h3 Bh5 15.
g4 Bg6 16. cxd4 e4 17. Nh4 O-O 18. Nxg6 hxg6 19. Be3 Rfe8 20. Rac1 Bd8 21. Qf1
Nd5 22. Bxd5 Qxd5 23. Rc5 Qd7 24. Qg2 Bb6 25. Rcc1 Rad8 26. Nc5 Bxc5 27. Rxc5
Nb4 28. Qg3 Nd5 29. a3 b6 30. Rc2 Re6 31. Rdc1 Rde8 32. g5 Rd8 33. Qg4 Qb5 34.
Rc8 Ree8 35. b4 Nxe3 36. fxe3 Qd3 37. R8c3 Qd2 38. Qg2 Qxg2+ 39. Kxg2 Rd5 40. h4
a5 41. Rc8 Rxc8 42. Rxc8+ Kh7 43. Rc6 axb4 44. axb4 Rb5 45. Rc4 f6 46. gxf6 gxf6
47. Kg3 Kh6 48. Kf4 f5 49. Rc8 Kg7 50. Rc7+ Kf6 51. Rc6+ Kg7 52. Kg5 f4+ 53.
Kxf4 Rxb4 54. Kxe4 Rb5 55. d5 Kf7 56. Ke5 Rb1 57. Rc7+ Kf8 58. d6 b5 59. Rc8+
Kf7 60. d7 Rd1 61. d8=Q Rxd8 62. Rxd8 b4 63. Rd7+ 1-0

[Event "Titled Tue 27th May Late"]
[Site "chess.com INT"]
[Date "2025.05.27"]
[Round "10"]
[White "Gergacz, Attila"]
[Black "Cernov, Henrik"]
[Result "0-1"]
[WhiteTitle "IM"]
[BlackTitle "FM"]
[WhiteElo "2383"]
[BlackElo "2325"]
[WhiteFideId "730157"]
[BlackFideId "16258312"]
[EventDate "2025.05.27"]

1. e4 e6 2. d3 d5 3. Nd2 Nf6 4. Ngf3 Nc6 5. g3 Bc5 6. Bg2 dxe4 7. dxe4 e5 8. O-O
Qe7 9. c3 a5 10. Qe2 O-O 11. Nc4 a4 12. Bg5 h6 13. Be3 b6 14. b4 Bxe3 15. Nxe3
Be6 16. Qb5 Bd7 17. Nd5 Nxd5 18. Qxd5 Rfd8 19. a3 Qf6 20. Qc4 Bg4 21. Nh4 Rd6
22. Nf5 Bxf5 23. exf5 Rad8 24. Be4 R8d7 25. b5 Ne7 26. Qxa4 Nxf5 27. Qa8+ Rd8
28. Qb7 R6d7 29. a4 Nd6 30. Qc6 Nxe4 31. Qxe4 Rd2 32. a5 bxa5 33. Rxa5 g6 34.
Ra8 Kg7 35. Rxd8 Rxd8 36. Kg2 h5 37. Re1 Re8 38. Re2 Re6 39. c4 Qe7 40. Qf3 e4
41. Qe3 Qb4 42. Qd4+ Kh7 43. Rxe4 Rd6 44. Qe3 Qb1 45. Qf3 Kg7 46. Rf4 f5 47. c5
Rd1 48. Qc3+ Kh7 49. Rd4 Rxd4 50. Qxd4 Qxb5 51. Qe5 Qc6+ 52. f3 Kg8 53. Qd4 Kf7
54. Kh3 Qe6 55. Kg2 Qe2+ 56. Qf2 Qc4 57. f4 Qd5+ 58. Kh3 c6 59. Qg1 Qf3 60. Qe1
h4 61. Qc3 Qxc3 62. Kg2 hxg3 63. hxg3 Qxc5 64. Kh3 Qd5 65. Kh2 c5 66. g4 fxg4 0-1

[Event "Titled Tue 27th May Late"]
[Site "chess.com INT"]
[Date "2025.05.27"]
[Round "10"]
[White "Aradhya, Garg"]
[Black "Tahbaz, Arash"]
[Result "0-1"]
[WhiteTitle "IM"]
[BlackTitle "IM"]
[WhiteElo "2383"]
[BlackElo "2462"]
[WhiteFideId "25006746"]
[BlackFideId "12528846"]
[EventDate "2025.05.27"]

1. d4 Nf6 2. c4 d6 3. Nf3 Nbd7 4. Nc3 e5 5. e4 g6 6. Be2 Bg7 7. O-O O-O 8. Be3
h6 9. dxe5 dxe5 10. b4 Ng4 11. Bd2 f5 12. c5 Kh7 13. exf5 gxf5 14. h3 Ngf6 15.
Nh4 Nb8 16. Qc2 e4 17. g3 Nc6 18. Be3 Nxb4 19. Qb3 Nbd5 20. Rad1 c6 21. Bc4 Qe7
22. Bxd5 Nxd5 23. Nxd5 cxd5 24. Ng2 Rd8 25. Rxd5 Be6 26. Rxd8 Rxd8 27. Qa4 a6
28. Nf4 Bd7 29. Qb3 Bb5 30. Rd1 Bc4 31. Qc2 Rxd1+ 32. Qxd1 Bxa2 33. Qd6 Qf7 34.
g4 a5 35. gxf5 Qxf5 36. Qc7 Qf7 37. Qxa5 Bc4 38. Qd2 Be5 39. Ng2 Be6 40. Bf4 Bg7
41. Qe3 Qf5 42. Nh4 Qd5 43. Kh2 Bd4 44. Qg3 Bf7 45. Be3 Be5 46. Bf4 Bf6 47. Be3
Qe6 48. Ng2 Qf5 49. Qg4 Be6 50. Qxf5+ Bxf5 51. Kg3 h5 52. h4 Bg4 53. Bf4 Kg6 54.
Bd6 Bd4 55. Ne3 Bd7 56. Kf4 Bc6 57. Kg3 Kf7 58. Kf4 Kf6 59. Kg3 Ke6 60. Bf8 Be5+
61. Kg2 Be8 62. Nc4 Bf6 0-1

[Event "Titled Tue 27th May Late"]
[Site "chess.com INT"]
[Date "2025.05.27"]
[Round "10"]
[White "Rustemov, Alexander"]
[Black "Przybylski, Wojciech"]
[Result "1-0"]
[WhiteTitle "GM"]
[BlackTitle "FM"]
[WhiteElo "2525"]
[BlackElo "2340"]
[WhiteFideId "4119002"]
[BlackFideId "1117599"]
[EventDate "2025.05.27"]

1. d4 Nf6 2. c4 c6 3. Bf4 d5 4. e3 e6 5. Nc3 Bb4 6. Qc2 Ne4 7. Bd3 f5 8. Ne2 O-O
9. O-O Nd7 10. f3 Nxc3 11. bxc3 Ba5 12. cxd5 cxd5 13. c4 Nf6 14. Rfc1 Bd7 15.
Qb3 Bc6 16. Be5 Nd7 17. Bd6 Rf7 18. Rc2 Nf6 19. Be5 Nd7 20. Bg3 Nb6 21. a4 dxc4
22. Bxc4 Nxc4 23. Qxc4 Qd5 24. Qxd5 exd5 25. Be5 g5 26. h4 h6 27. Kf2 gxh4 28.
Rh1 Bd8 29. Nf4 Kh7 30. a5 a6 31. Rc5 Rd7 32. Ne6 Be7 33. Rcc1 Rg8 34. Nc5 Rdd8
35. Rh2 Rc8 36. Rb1 Bxc5 37. dxc5 Bb5 38. Bd4 Rce8 39. Rxh4 Rg6 40. Rbh1 Reg8
41. R1h2 Bd7 42. Be5 Re8 43. Bf4 Ree6 44. Rh5 Ref6 45. Be5 Rc6 46. Bd4 Bc8 47.
R5h4 Bd7 48. Rh1 Kg8 49. Rb1 Bc8 50. Rb6 Kh7 51. Rf4 Kg8 52. g3 Rxb6 53. cxb6
Bd7 54. Rh4 Rc6 55. Be5 Kf7 56. Bf4 Rc2+ 57. Ke1 Rc1+ 58. Kd2 Rf1 59. Rxh6 Rxf3
60. Kd3 Rf1 61. Kd4 Rb1 62. Ke5 Rb5 63. Rh7+ Ke8 64. Kd6 Bc6 65. Bh6 d4 66. exd4
Rb3 67. d5 Rd3 68. Ke6 Bxd5+ 69. Kf6 Be4 70. Re7+ Kd8 71. g4 Rd6+ 72. Ke5 1-0